000 01185nam a2200253Ia 4500
999 _c55682
_d55682
001 22777
003 GE_BSU
005 20230518163711.0
008 181216s ||||ge |||||||||||||| ||geo||
020 _a9789941911507
040 _cGE_BSU
041 _ageo
080 _a821.512.36-1 ს-41
100 _aსენდოო, ჰადაა
_918127
245 _aმონღოლური იურტა :
_bლექსები /
_cჰადაა სენდოო ; ინგლ. თარგმნეს გვანცა ანანიაშვილმა და ქსენია სიორდიამ.
264 _aთბილისი :
_bპოლილოგი,
_c2010.
300 _a58 გვ. ;
_c14 სმ.
490 _aთანამედროვე საზღვარგარეთული ლირიკა
541 _h2 ლ.
653 _aმონღოლური იურტა : ლექსები
700 _aანანიაშვილი, გვანცა
_eმთარგმნელი
_917978
700 _aსიორდია, ქსენია
_eმთარგმნელი
_918128
942 _cBK
_2udc